[Event "Tuzla op 16th"]
[Site "Tuzla"]
[Date "2022.11.24"]
[Round "1"]
[White "Kekic, Armin"]
[Black "Janjic, Nikola"]
[Result "1-0"]
[WhiteElo "2138"]
[BlackElo "1800"]
[PlyCount "79"]
[EventDate "2022.11.24"]
[EventType "swiss"]
[EventRounds "7"]
[EventCountry "BIH"]
[SourceTitle "CBM 211 Extra"]
[Source "ChessBase"]
[SourceDate "2023.01.31"]
[SourceVersion "1"]
[SourceVersionDate "2023.01.31"]
[SourceQuality "1"]

1. e4 e5 2. Nf3 Nf6 3. Nxe5 d6 4. Nf3 Nxe4 5. d4 Be7 6. Bd3 Nf6 7. h3 0-0 8. 0-0 Nc6 9. c3 Bd7 10. Nbd2 Re8 11. Re1 Bf8 12. Nf1 Rxe1 13. Qxe1 g6 14. Bg5 Bg7 15. Qd2 Qf8 16. Ne3 Re8 17. Qc2 b6 18. b4 a5 19. b5 Nb8 20. c4 Bc8 21. Bxf6 Bxf6 22. Be4 Be6 23. Rd1 Qe7 24. Bd5 Bg5 25. Re1 Qf6 26. Ng4 Qd8 27. Bxe6 fxe6 28. Qe4 Bf6 29. Qb7 Bg7 30. c5 bxc5 31. dxc5 Nd7 32. cxd6 cxd6 33. Qc6 Nb6 34. Ng5 e5 35. Ne4 Re6 36. Rd1 h5 37. Ne3 Bf8 38. Nd5 Nc8 39. b6 Ne7 40. Qc7 1-0

[Event "Lukavac op 8th"]
[Site "Lukavac"]
[Date "2019.11.24"]
[Round "4"]
[White "Lipovcic, Marko"]
[Black "Janjic, Nikola"]
[Result "1/2-1/2"]
[WhiteElo "2167"]
[BlackElo "1896"]
[PlyCount "68"]
[EventDate "2019.11.22"]
[EventType "swiss"]
[EventRounds "7"]
[EventCountry "BIH"]
[SourceTitle "CBM 193 Extra"]
[Source "ChessBase"]
[SourceDate "2020.01.31"]
[SourceVersion "1"]
[SourceVersionDate "2020.01.31"]
[SourceQuality "1"]

1. c4 c5 2. Nc3 Nc6 3. Nf3 g6 4. g3 Bg7 5. Bg2 e6 6. 0-0 Nge7 7. a3 0-0 8. d3 d5 9. cxd5 Nxd5 10. Bd2 b6 11. Qa4 Bb7 12. Rfc1 Qe7 13. Rab1 Nd4 14. Nxd4 Bxd4 15. Nxd5 Bxd5 16. Bxd5 exd5 17. e3 Be5 18. b4 Rfc8 19. bxc5 bxc5 20. Qa6 c4 21. dxc4 Rxc4 22. Rxc4 dxc4 23. Qxc4 Qxa3 24. Qe4 Rb8 25. Rxb8+ Bxb8 26. Qa8 Qf8 27. Bc3 Qd8 28. Bd4 a5 29. Qc6 Bc7 30. Bf6 Qd6 31. Qe8+ Qf8 32. Qd7 Bd6 33. h4 h5 34. e4 Qb8 1/2-1/2

[Event "Sarajevo Bosna op 49th"]
[Site "Sarajevo"]
[Date "2019.05.01"]
[Round "7"]
[White "Nukic, Farik"]
[Black "Janjic, Nikola"]
[Result "0-1"]
[WhiteElo "1731"]
[BlackElo "1878"]
[PlyCount "44"]
[EventDate "2019.04.27"]
[EventType "swiss"]
[EventRounds "9"]
[EventCountry "BIH"]
[SourceTitle "CBM 190 Extra"]
[Source "ChessBase"]
[SourceDate "2019.07.15"]
[SourceVersion "1"]
[SourceVersionDate "2019.07.15"]
[SourceQuality "1"]

1. d4 d5 2. Bf4 Nf6 3. e3 e6 4. Nd2 Bd6 5. Bg3 0-0 6. Bd3 c5 7. c3 Nc6 8. Ngf3 b6 9. Ne5 Bxe5 10. dxe5 Nd7 11. f4 f5 12. exf6 Nxf6 13. Nf3 Bb7 14. Ng5 Qe7 15. e4 h6 16. e5 hxg5 17. exf6 Qxf6 18. 0-0 d4 19. Qh5 Qh6 20. Qg4 gxf4 21. Bxf4 Rxf4 22. Rxf4 Ne5 0-1

[Event "Sarajevo Bosna op 49th"]
[Site "Sarajevo"]
[Date "2019.04.30"]
[Round "5"]
[White "Janjic, Nikola"]
[Black "Pastar, Slaven"]
[Result "0-1"]
[WhiteElo "1878"]
[BlackElo "2295"]
[PlyCount "66"]
[EventDate "2019.04.27"]
[EventType "swiss"]
[EventRounds "9"]
[EventCountry "BIH"]
[SourceTitle "CBM 190 Extra"]
[Source "ChessBase"]
[SourceDate "2019.07.15"]
[SourceVersion "1"]
[SourceVersionDate "2019.07.15"]
[SourceQuality "1"]

1. c4 b6 2. Nc3 Bb7 3. d4 e6 4. Nf3 Bb4 5. Qc2 Nf6 6. e3 0-0 7. Bd3 d5 8. cxd5 exd5 9. 0-0 Re8 10. Ne5 c5 11. b3 Nc6 12. Nxc6 Bxc6 13. Ne2 Qd6 14. Bb2 Rac8 15. dxc5 bxc5 16. Bxf6 Qxf6 17. Bxh7+ Kh8 18. Bf5 Rc7 19. Ng3 g6 20. Bg4 d4 21. exd4 cxd4 22. Bf3 Bc3 23. Rad1 Bxf3 24. gxf3 Kg7 25. Kg2 Rh8 26. h3 Rh4 27. Qd3 Qg5 28. Rh1 Ba5 29. Kf1 Bb6 30. Ne2 Qd5 31. Rh2 Rc8 32. Rc1 Rxc1+ 33. Nxc1 Rf4 0-1

[Event "Sarajevo Bosna op 49th"]
[Site "Sarajevo"]
[Date "2019.04.30"]
[Round "6"]
[White "Janjic, Nikola"]
[Black "Tomic, Aleksandar1111"]
[Result "0-1"]
[WhiteElo "1878"]
[BlackElo "2357"]
[PlyCount "56"]
[EventDate "2019.04.27"]
[EventType "swiss"]
[EventRounds "9"]
[EventCountry "BIH"]
[SourceTitle "CBM 190 Extra"]
[Source "ChessBase"]
[SourceDate "2019.07.15"]
[SourceVersion "1"]
[SourceVersionDate "2019.07.15"]
[SourceQuality "1"]

1. c4 e5 2. Nc3 Nf6 3. g3 d5 4. cxd5 Nxd5 5. Bg2 Ne7 6. Nf3 Nbc6 7. 0-0 g6 8. b3 Bg7 9. Bb2 0-0 10. d3 h6 11. Rc1 Kh8 12. d4 exd4 13. Nb5 Nf5 14. e4 dxe3 15. Bxg7+ Kxg7 16. Qxd8 Rxd8 17. Nxc7 Rb8 18. fxe3 Nxe3 19. Rfe1 Nxg2 20. Kxg2 Bg4 21. h3 Bxf3+ 22. Kxf3 Rbc8 23. Nb5 Rd3+ 24. Kf2 Rd2+ 25. Ke3 Rcd8 26. Rc3 a6 27. Na3 Rxa2 28. Nc4 Re8+ 0-1

[Event "Sarajevo Bosna op 48th"]
[Site "Sarajevo"]
[Date "2018.05.05"]
[Round "1"]
[White "Stoyanov, Tsvetan"]
[Black "Janjic, Nikola"]
[Result "1-0"]
[WhiteElo "2373"]
[BlackElo "1874"]
[PlyCount "83"]
[EventDate "2018.05.05"]
[EventType "swiss"]
[EventRounds "9"]
[EventCountry "BIH"]
[SourceTitle "CBM 184 Extra"]
[Source "ChessBase"]
[SourceDate "2018.06.28"]
[SourceVersion "1"]
[SourceVersionDate "2018.06.28"]
[SourceQuality "1"]

1. e4 e5 2. Nf3 Nf6 3. Nxe5 d6 4. Nf3 Nxe4 5. d4 Bg4 6. Bd3 d5 7. Be3 Bd6 8. Nbd2 f5 9. h3 Bxf3 10. gxf3 Nxd2 11. Qxd2 0-0 12. Bf4 Qe7+ 13. Kd1 Nc6 14. c3 Rae8 15. Kc2 Nd8 16. Rae1 Ne6 17. Be5 g6 18. h4 Ng7 19. h5 Bxe5 20. hxg6 hxg6 21. dxe5 Qe6 22. f4 Kf7 23. Rh7 Rh8 24. Reh1 Rxh7 25. Rxh7 Rg8 26. Qe3 b6 27. Qg3 Kf8 28. Qg5 Kf7 29. Be2 Qe7 30. Qg3 Qe6 31. Qd3 c6 32. Qa6 Qd7 33. Bf3 Ke6 34. c4 Rd8 35. Qa4 Kf7 36. cxd5 cxd5 37. e6+ Kxe6 38. Qd4 Qc7+ 39. Kb1 Rd7 40. Rxg7 Rxg7 41. Bxd5+ Kd7 42. Qxg7+ 1-0

[Event "Sarajevo Bosna op 47th"]
[Site "Sarajevo"]
[Date "2017.05.16"]
[Round "5"]
[White "Janjic, Nikola"]
[Black "Marjanovic, Dejan"]
[Result "0-1"]
[WhiteElo "1909"]
[BlackElo "2412"]
[PlyCount "46"]
[EventDate "2017.05.13"]
[EventType "swiss"]
[EventRounds "9"]
[EventCountry "BIH"]
[SourceTitle "CBM 178 Extra"]
[Source "ChessBase"]
[SourceDate "2017.06.22"]
[SourceVersion "1"]
[SourceVersionDate "2017.06.22"]
[SourceQuality "1"]

1. c4 g6 2. Nc3 d6 3. g3 Bg7 4. Bg2 e5 5. e3 Nc6 6. Nge2 h5 7. h4 Bg4 8. d3 Nge7 9. Nd5 0-0 10. Bd2 Rb8 11. Bc3 Nxd5 12. Bxd5 Ne7 13. Bg2 Re8 14. 0-0 d5 15. cxd5 Nxd5 16. Re1 Nxc3 17. bxc3 c5 18. f3 Be6 19. d4 Bc4 20. Rc1 b5 21. Qc2 exd4 22. exd4 Re3 23. Nf4 Rxc3 0-1

[Event "Lukavac op 5th"]
[Site "Lukavac"]
[Date "2016.11.25"]
[Round "2"]
[White "Janjic, Nikola"]
[Black "Aydin, Gulenay"]
[Result "0-1"]
[WhiteElo "1873"]
[BlackElo "1416"]
[PlyCount "116"]
[EventDate "2016.11.24"]
[EventType "swiss"]
[EventRounds "7"]
[EventCountry "BIH"]
[SourceTitle "EXT 2019"]
[Source "ChessBase"]
[SourceDate "2018.10.10"]
[SourceVersion "1"]
[SourceVersionDate "2018.10.10"]
[SourceQuality "1"]

1. c4 Nf6 2. Nc3 g6 3. g3 Bg7 4. Bg2 0-0 5. e3 d6 6. Nge2 Nbd7 7. d4 e5 8. 0-0 Re8 9. b3 h5 10. h4 e4 11. Qc2 Qe7 12. Bb2 Nf8 13. d5 Bf5 14. Nd4 Bg4 15. Rae1 N8d7 16. b4 Ne5 17. Nxe4 Nxe4 18. Bxe4 Nxc4 19. Qxc4 Qxe4 20. f3 Qe5 21. Kg2 Bd7 22. Re2 Qe7 23. e4 a6 24. Rfe1 Kh7 25. Qc2 Rac8 26. Qd2 Bh6 27. Qc3 Qf8 28. f4 Bg4 29. Nf3 Bg7 30. Qxg7+ Qxg7 31. Bxg7 Kxg7 32. Rc2 Bxf3+ 33. Kxf3 Re7 34. e5 Rce8 35. Rce2 Kf8 36. g4 hxg4+ 37. Kxg4 dxe5 38. Rxe5 Rxe5 39. fxe5 Rd8 40. Rd1 Ke8 41. Kf4 c6 42. d6 Kd7 43. Ke4 Rh8 44. Rh1 Rh5 45. Kf4 Ke6 46. Rd1 Rxh4+ 47. Kg5 Rh5+ 48. Kf4 Rf5+ 49. Kg4 Kd7 50. Re1 Rh5 51. a3 Rf5 52. Re4 Rh5 53. Re3 Rh8 54. Kg5 Ke6 55. Rf3 Rh5+ 56. Kf4 Rxe5 57. Rd3 Rd5 58. Rf3 Rf5+ 0-1

[Event "Sarajevo Bosna op 46th"]
[Site "Sarajevo"]
[Date "2016.06.02"]
[Round "8"]
[White "Schettler, Juergen"]
[Black "Janjic, Nikola"]
[Result "1/2-1/2"]
[WhiteElo "2139"]
[BlackElo "1827"]
[PlyCount "48"]
[EventDate "2016.05.28"]
[EventType "swiss"]
[EventRounds "9"]
[EventCountry "BIH"]
[SourceTitle "EXT 2019"]
[Source "ChessBase"]
[SourceDate "2018.10.10"]
[SourceVersion "1"]
[SourceVersionDate "2018.10.10"]
[SourceQuality "1"]

1. Nf3 Nf6 2. g3 g6 3. b4 Bg7 4. Bb2 0-0 5. Bg2 d5 6. d3 c6 7. 0-0 Bf5 8. Nbd2 Na6 9. a3 Nc7 10. c4 Be6 11. Qc2 Nfe8 12. Bxg7 Nxg7 13. cxd5 Bxd5 14. Nc4 f6 15. e4 Bxc4 16. dxc4 e5 17. Rfd1 Qe7 18. c5 Rfd8 19. Bf1 Rxd1 20. Rxd1 Rd8 21. Bc4+ Nge6 22. Rd2 Kf8 23. Qd1 Rxd2 24. Qxd2 Ke8 1/2-1/2

[Event "Sarajevo Bosna op 46th"]
[Site "Sarajevo"]
[Date "2016.05.30"]
[Round "4"]
[White "Kvisvik, Brede Alexander"]
[Black "Janjic, Nikola"]
[Result "1-0"]
[WhiteElo "2287"]
[BlackElo "1827"]
[PlyCount "55"]
[EventDate "2016.05.28"]
[EventType "swiss"]
[EventRounds "9"]
[EventCountry "BIH"]
[SourceTitle "EXT 2019"]
[Source "ChessBase"]
[SourceDate "2018.10.10"]
[SourceVersion "1"]
[SourceVersionDate "2018.10.10"]
[SourceQuality "1"]

1. d4 d5 2. c4 e6 3. Nf3 Nf6 4. g3 c6 5. Bg2 Bb4+ 6. Nbd2 Ne4 7. 0-0 Nxd2 8. Nxd2 0-0 9. Qc2 Nd7 10. a3 Bxd2 11. Bxd2 dxc4 12. Qxc4 e5 13. dxe5 Nxe5 14. Qc2 Re8 15. Rad1 Ng4 16. h3 Nf6 17. e4 Qb6 18. Be3 Qc7 19. Bd4 Nd7 20. Qc3 f6 21. f4 c5 22. e5 fxe5 23. fxe5 Qb6 24. Qc4+ Kh8 25. Bc3 Qe6 26. Qf4 h6 27. Rd6 Qe7 28. Rxh6+ 1-0

[Event "Sarajevo Bosna op 45th"]
[Site "Sarajevo"]
[Date "2015.06.05"]
[Round "9"]
[White "Pleh, Semir"]
[Black "Janjic, Nikola"]
[Result "0-1"]
[WhiteElo "1688"]
[BlackElo "1831"]
[PlyCount "114"]
[EventDate "2015.05.30"]
[EventType "swiss"]
[EventRounds "9"]
[EventCountry "BIH"]
[SourceTitle "CBM 166 Extra"]
[Source "ChessBase"]
[SourceDate "2015.06.18"]
[SourceVersion "1"]
[SourceVersionDate "2015.06.18"]
[SourceQuality "1"]

1. d4 d5 2. c4 c6 3. Nc3 Nf6 4. cxd5 cxd5 5. Nf3 Nc6 6. Bg5 Bf5 7. e3 e6 8. Bb5 Be7 9. 0-0 0-0 10. h3 h6 11. Bf4 Rc8 12. Rc1 a6 13. Be2 b5 14. a3 Na5 15. Ne5 Nd7 16. b4 Nxe5 17. Bxe5 Nc4 18. Bxc4 dxc4 19. e4 Bh7 20. Qe2 f6 21. Bf4 Qxd4 22. Rfd1 Qa7 23. Qg4 f5 24. Qg3 Kh8 25. Be3 Qc7 26. Bf4 Qc6 27. Be5 Bf6 28. Rd6 Qc7 29. Rxe6 Bxe5 30. Qxe5 Qxe5 31. Rxe5 fxe4 32. Nxe4 Rce8 33. Rxe8 Rxe8 34. Nc5 Ra8 35. Kf1 a5 36. Ke1 axb4 37. axb4 Ra2 38. Rd1 Rb2 39. Na6 Bd3 40. Rd2 Bc2 41. Rd5 Bd3 42. Rc5 Re2+ 43. Kd1 Rxf2 44. g4 Rb2 45. Kc1 Rh2 46. Nc7 Rc2+ 47. Kd1 Rb2 48. Nd5 Rh2 49. Rxb5 Rxh3 50. Rb8+ Kh7 51. b5 Be4 52. Nf4 Rf3 53. Ne2 c3 54. Ke1 Rh3 55. Rc8 Rh1+ 56. Kf2 c2 57. Ke3 Bg6 0-1

[Event "Sarajevo Bosna op 45th"]
[Site "Sarajevo"]
[Date "2015.05.31"]
[Round "2"]
[White "Janjic, Nikola"]
[Black "Sitnic, Adnan"]
[Result "0-1"]
[WhiteElo "1831"]
[BlackElo "2014"]
[PlyCount "64"]
[EventDate "2015.05.30"]
[EventType "swiss"]
[EventRounds "9"]
[EventCountry "BIH"]
[SourceTitle "CBM 166 Extra"]
[Source "ChessBase"]
[SourceDate "2015.06.18"]
[SourceVersion "1"]
[SourceVersionDate "2015.06.18"]
[SourceQuality "1"]

1. c4 d6 2. Nc3 e5 3. g3 f5 4. Bg2 Nf6 5. e3 c6 6. Nge2 Be6 7. b3 Na6 8. a3 Be7 9. Bb2 0-0 10. 0-0 d5 11. cxd5 cxd5 12. d4 e4 13. Rc1 Nc7 14. Na4 b6 15. Qd2 Bd7 16. Nac3 Bd6 17. Rc2 Qe7 18. Nb1 Nb5 19. a4 Nc7 20. Rfc1 Na6 21. Bc3 g5 22. Bf1 Nh5 23. Nf4 gxf4 24. Bxa6 f3 25. Bb7 Qe6 26. Bxa8 Rxa8 27. Qe1 Kh8 28. Bb4 Bxb4 29. Qxb4 f4 30. exf4 Rg8 31. Kf1 Nxf4 32. gxf4 e3 0-1

[Event "Sarajevo Bosna op 45th"]
[Site "Sarajevo"]
[Date "2015.05.30"]
[Round "1"]
[White "Hadzovic, Amir"]
[Black "Janjic, Nikola"]
[Result "1-0"]
[WhiteElo "2218"]
[BlackElo "1831"]
[PlyCount "61"]
[EventDate "2015.05.30"]
[EventType "swiss"]
[EventRounds "9"]
[EventCountry "BIH"]
[SourceTitle "CBM 166 Extra"]
[Source "ChessBase"]
[SourceDate "2015.06.18"]
[SourceVersion "1"]
[SourceVersionDate "2015.06.18"]
[SourceQuality "1"]

1. e4 e5 2. Nc3 Nf6 3. Nf3 Nc6 4. Bb5 d6 5. d4 exd4 6. Nxd4 Bd7 7. 0-0 Be7 8. f4 Nxd4 9. Bxd7+ Qxd7 10. Qxd4 0-0 11. h3 b6 12. Qd3 Rad8 13. f5 Qc6 14. Bg5 h6 15. Nd5 Nxd5 16. exd5 Qd7 17. Bxh6 Bf6 18. Qg3 Kh7 19. Bg5 Bxg5 20. Qxg5 f6 21. Qg6+ Kg8 22. Rae1 Qf7 23. Re6 Qxg6 24. fxg6 Rfe8 25. Rfe1 Kf8 26. Kf2 Rxe6 27. Rxe6 Re8 28. Rxe8+ Kxe8 29. Kf3 Ke7 30. Kf4 Kd7 31. h4 1-0

[Event "Sarajevo Bosna op-B 44th"]
[Site "Sarajevo"]
[Date "2014.06.04"]
[Round "7"]
[White "Cabric, Izet"]
[Black "Janjic, Nikola"]
[Result "1-0"]
[WhiteElo "1953"]
[BlackElo "1790"]
[PlyCount "93"]
[EventDate "2014.05.30"]
[EventType "swiss"]
[EventRounds "9"]
[EventCountry "BIH"]
[SourceTitle "CBM 160 Extra"]
[Source "ChessBase"]
[SourceDate "2014.07.01"]
[SourceVersion "1"]
[SourceVersionDate "2014.07.01"]
[SourceQuality "1"]

1. e4 e5 2. Nf3 Nf6 3. Nxe5 d6 4. Nf3 Nxe4 5. d4 Be7 6. Bd3 d5 7. 0-0 0-0 8. c4 c6 9. Nc3 Nxc3 10. bxc3 Bg4 11. Bf4 Bd6 12. Bxd6 Qxd6 13. Bxh7+ Kxh7 14. Ng5+ Kg8 15. Qxg4 dxc4 16. a4 f5 17. Qe2 Nd7 18. Qxc4+ Qd5 19. Qd3 Nf6 20. c4 Qd7 21. Rfe1 Rfe8 22. Re3 Rxe3 23. fxe3 Re8 24. h3 Ne4 25. Nxe4 Rxe4 26. c5 Qe7 27. Rf1 Qe6 28. Rf3 g6 29. Qa3 Kh7 30. Kf2 Qe7 31. Qb3 Qh4+ 32. Kf1 Re7 33. Qd3 Re4 34. a5 Qe7 35. Qb3 Kg7 36. g3 g5 37. Kf2 f4 38. gxf4 gxf4 39. Rxf4 Rxf4+ 40. exf4 Qe4 41. Qe3 Qc2+ 42. Qe2 Qc3 43. Qe5+ Kg6 44. f5+ Kh7 45. Qc7+ Kh8 46. Qb8+ Kh7 47. Qxb7+ 1-0

[Event "SRB Central-ch op-B 6th"]
[Site "Paracin"]
[Date "2013.07.12"]
[Round "9"]
[White "Janjic, Nikola"]
[Black "Pavlovic, Branka"]
[Result "1/2-1/2"]
[WhiteElo "1829"]
[BlackElo "1787"]
[PlyCount "41"]
[EventDate "2013.07.05"]
[EventType "swiss"]
[EventRounds "9"]
[EventCountry "SRB"]
[SourceTitle "CBM 155 Extra"]
[Source "ChessBase"]
[SourceDate "2013.08.26"]
[SourceVersion "1"]
[SourceVersionDate "2013.08.26"]
[SourceQuality "1"]

1. c4 Nf6 2. Nc3 g6 3. g3 Bg7 4. Bg2 d6 5. e3 0-0 6. Nge2 c6 7. 0-0 e5 8. b3 Bg4 9. d3 Qd7 10. Bb2 Na6 11. Rc1 Nc7 12. Qd2 Rad8 13. Rfd1 Nh5 14. f3 Be6 15. d4 f5 16. dxe5 dxe5 17. Qxd7 Rxd7 18. Rxd7 Bxd7 19. Rd1 Be6 20. e4 f4 21. g4 1/2-1/2